=LDR 00000nam 2200000 4500 =001 INLIS000000001053168 =005 20241212072805 =035 ##$$a 0010-1224000066 =007 ta =008 241212################g##########0#ind## =020 ##$$a 978-623-93529-0-5 =082 ##$$a 899.221 3 =084 ##$$a 899.221 3 NAT s =100 #$$a Nathania Mareta =245 1#$$a Senandika /$c Nathania Mareta; penyunting, R. Nurul Fatwa J =250 ##$$a Cet. 1 =260 ##$$a Jakarta :$b Aarunya media,$c 2020 =300 ##$$a 146 hlm ; $c 14 x 20 cm =650 #4$$a Fiksi Indonesia =700 #$$a R. Nurul Fatwa J (penyunting) =990 ##$$a 13251325